Zlepšenie organizácie skladového hospodárstva a vychystávania vydávaného náradia

Na minha lista:
Detalhes bibliográficos
Autor principal: Turkovič, Tomáš (Author)
Outros Autores: Košťál, Peter (Thesis advisor)
Formato: Manuscrito Livro
Idioma:eslovaco
Publicado em: 2017
Assuntos:
Acesso em linha:http://is.stuba.sk/zp/portal_zp.pl?podrobnosti=115284
Tags: Adicionar Tag
Sem tags, seja o primeiro a adicionar uma tag!

MARC

LEADER 00000ntm a22000003a 4500
001 stuzp62754
003 SK-STU
005 20170701210546.3
007 ta
008 150427s2015----xo-----f-mn---000-0-slo-d
040 |a STU  |b slo 
041 0 |a slo 
100 1 |a Turkovič, Tomáš  |u 063000  |4 aut  |U MTF Materiálovotechnologická fakulta  |T MTF Ústav výrobných technológií  |X 41957  |U M3000  |Y 83  |7 41957 
242 0 1 |a Improving the organization of warehouse management and preparing the ordered tools  |y eng 
245 1 0 |a Zlepšenie organizácie skladového hospodárstva a vychystávania vydávaného náradia 
260 |c 2017 
650 4 |a príjem tovaru  |2 slo 
650 4 |a zásoby  |2 slo 
650 4 |a návrh na zlepšenie  |2 slo 
650 4 |a skladové hospodárstvo  |2 slo 
650 4 |a vydávanie náradia  |2 slo 
650 4 |a sklady  |2 slo 
650 4 |a tool delivery  |2 eng 
650 4 |a receipt of goods  |2 eng 
650 4 |a inventory  |2 eng 
650 4 |a warehouses  |2 eng 
650 4 |a proposal for improvement  |2 eng 
650 4 |a warehouse management  |2 eng 
700 1 |a Košťál, Peter  |u 063800  |k Z1  |4 ths  |U MTF Ústav výrobných technológií  |T MTF Katedra výrobných systémov, metrológie a montáže  |X 216  |U M3800  |Y 660  |7 A000000216 
856 4 |u http://is.stuba.sk/zp/portal_zp.pl?podrobnosti=115284 
996 |c M* BP-8127  |l MMSKP  |s P  |a 0  |w stuzp62754_0001